header

Bio-inspired nanomaterials and nanotechnology (Record no. 166316)

MARC details
000 -LEADER
fixed length control field 01517nam a2200397Ia 4500
082 04 - DEWEY DECIMAL CLASSIFICATION NUMBER
Classification number 620/.5
245 00 - TITLE STATEMENT
Title Bio-inspired nanomaterials and nanotechnology
260 ## - PUBLICATION, DISTRIBUTION, ETC. (IMPRINT)
Place of publication New York :
Name of publisher Nova Biomedical Books,
Year of publication c2010.
300 ## - PHYSICAL DESCRIPTION
Number of Pages x, 301 p. :
Other physical details ill. (some col.).
490 1# - SERIES STATEMENT
Series statement Nanotechnology science and technology series
650 #0 - SUBJECT ADDED ENTRY--TOPICAL TERM
Topical Term Nanotechnology.
Topical Term Biotechnology.
Topical Term Nanostructured materials.
Topical Term Biomimetic materials.
700 1# - ADDED ENTRY--PERSONAL NAME
Personal name Zhou, Yong,
856 40 - ELECTRONIC LOCATION AND ACCESS
Uniform Resource Identifier http://site.ebrary.com/lib/rucke/Doc?id=10659185

No items available.

© 2026 Rongo University
Contact us: librarian | system librarian | Rongo university